UBT Library

Postmetropolis : (Record no. 213)

000 -LEADER
fixed length control field 00825fam a22002774a 4500
005 - DATE AND TIME OF LATEST TRANSACTION
control field 20131030092100.0
008 - FIXED-LENGTH DATA ELEMENTS--GENERAL INFORMATION
fixed length control field 990908s2000 mauab b 001 0 eng
020 ## - INTERNATIONAL STANDARD BOOK NUMBER
International Standard Book Number 1577180003
020 ## - INTERNATIONAL STANDARD BOOK NUMBER
International Standard Book Number 1577180011
041 0# - LANGUAGE CODE
Language code of text/sound track or separate title eng
080 ## - UNIVERSAL DECIMAL CLASSIFICATION NUMBER
Universal Decimal Classification number 316.334.56:711.433
100 1# - Rafti
Rafti Soja, Edward W.
245 10 - TITLE STATEMENT
Title Postmetropolis :
Statement of responsibility, etc Edward W. Soja.
260 ## -
-- Malden, MA :
-- Blackwell Publishers,
-- 2000.
263 ## - PROJECTED PUBLICATION DATE
Projected publication date 0001
300 ## -
-- xx, 440 p. :
-- ill., maps ;
-- 25 cm.
500 ## -
-- Preface : f. [XII] - XVIII
504 ## - BIBLIOGRAPHY, ETC. NOTE
Bibliography, etc Includes bibliographical references (p. [416]-430) and index.
650 #0 -
-- Qytetet
650 #0 -
-- Metropolet
650 #0 -
-- Urbanizimi
650 #0 -
-- Sjellja Hapësinor
650 #0 -
-- Postmodernizmi
651 #0 -
-- Los Angeles (Calif.)
942 ## - ADDED ENTRY ELEMENTS (KOHA)
Source of classification or shelving scheme
Item type Books
Holdings
Withdrawn status Lost status Source of classification or shelving scheme Damaged status Not for loan Collection code Permanent location Current location Shelving location Date acquired Total Checkouts Full call number Barcode Date last seen Koha item type
          Koleksioni i përgjithshem UBT - Prishtine UBT - Prishtine Koleksioni i përgjithshem 10/30/2013   316.334.56:711.433 SOJ 001-000240 10/30/2013 Books
UBT Library © 2015-2024. All rights reserved University Education for Business and Technology